Obras completas & algo + / (Record no. 106675)

MARC details
000 -LEADER
campo de control de longitud fija 01117nam a2200289 i 4500
001 - NÚMERO DE CONTROL
campo de control 106675
003 - IDENTIFICADOR DE NÚMERO DE CONTROL
campo de control ES-MaACL
005 - FECHA Y HORA DE LA ÚLTIMA TRANSACCIÓN
campo de control 20250304063102.0
007 - CAMPO FIJO DE DESCRIPCIÓN FÍSICA--INFORMACIÓN GENERAL
campo de control de longitud fija t|
008 - DATOS DE LONGITUD FIJA--INFORMACIÓN GENERAL
campo de control de longitud fija 061214s2006 sp ||||1| spa d
020 ## - NÚMERO INTERNACIONAL ESTÁNDAR DEL LIBRO
Número Internacional Estándar del Libro 84-672-1450-3 (Círculo de Lectores)
020 ## - NÚMERO INTERNACIONAL ESTÁNDAR DEL LIBRO
Número Internacional Estándar del Libro 84-8209-530-3 (Galaxia Gutenberg)
080 ## - NÚMERO DE LA CLASIFICACIÓN DECIMAL UNIVERSAL
Número de la Clasificación Decimal Universal 821.134.2(83)-1"19"
100 0# - ENTRADA PRINCIPAL--NOMBRE DE PERSONA
Nombre de persona Parra, Nicanor,
Fechas asociadas al nombre 1914-2018
9 (RLIN) 89233
245 10 - MENCIÓN DEL TÍTULO
Título Obras completas & algo + /
Mención de responsabilidad, etc. Nicanor Parra ; edición supervisada por el autor ; asesorada y establecida por Niall Binns al cuidado de Ignacio Echevarría ; prefacio de Harold Bloom ; prólogo de Federico Schopf.
260 ## - PUBLICACIÓN, DISTRIBUCIÓN, ETC.
Lugar de publicación, distribución, etc. Barcelona :
Nombre del editor, distribuidor, etc. Círculo de Lectores :
-- Galaxia Gutenberg,
Fecha de publicación, distribución, etc. [2006-]
300 ## - DESCRIPCIÓN FÍSICA
Extensión 1 v. ;
Dimensiones 21 cm.
490 1# - MENCIÓN DE SERIE
Mención de serie Opera mundi
505 8# - NOTA DE CONTENIDO CON FORMATO
Nota de contenido con formato 1: De "Gato en el camino" a "Artefactos" (1935-1972) --
700 1# - ENTRADA AGREGADA--NOMBRE PERSONAL
Nombre de persona Binns, Niall.
9 (RLIN) 28931
700 1# - ENTRADA AGREGADA--NOMBRE PERSONAL
Nombre de persona Echevarría, Ignacio,
Fechas asociadas al nombre 1960-
9 (RLIN) 46542
700 1# - ENTRADA AGREGADA--NOMBRE PERSONAL
Nombre de persona Bloom, Harold.
9 (RLIN) 29559
700 1# - ENTRADA AGREGADA--NOMBRE PERSONAL
Nombre de persona Schopf, Federico.
9 (RLIN) 104660
830 0# - PUNTO DE ACCESO ADICIONAL DE SERIE-TÍTULO UNIFORME
Título uniforme Opera mundi
9 (RLIN) 180669
852 ## - LOCALIZACIÓN
Ubicación ES-MaACL
Número de control de estantería P-1990
Sublocalización o colección R.138389
Holdings
Estatus retirado Estado de pérdida Estado de daño No para préstamo Biblioteca de origen Biblioteca actual Ubicación en estantería Fecha de adquisición Fuente de adquisición Total de préstamos Signatura topográfica completa Código de barras Visto por última vez Precio de reemplazo Tipo de ítem Koha
        Biblioteca del Ateneo de Madrid Biblioteca del Ateneo de Madrid Depósito 2 17/01/2008     P-1990 1111347 23/02/2023 23/02/2023 Libro impreso